Que equipas de Fórmula 1 tiveram um campeão mundial na equipa - Statistics

Estatísticas Gerais
  • Esse quiz foi jogado 97 vezes
  • A pontuação média é 6 de 16
Estatísticas das Respostas
Hint Resposta % Correto
Ferrari
96%
McLaren
89%
Mercedes
87%
Williams
78%
Lotus
54%
2024 Red Bull Racing
47%
Brabham
36%
1950 Alfa Romeo
35%
Benetton
26%
Brawn GP
26%
Tyrrell
16%
Cooper
12%
Maserati
11%
BRM
9%
Matra
7%
Renault F1 Team
2%
Nenhum quiz correspondente encontrado
Distribuição das Pontuações
Porcentagem de Pessoas com Cada Pontuação
Percentil de Números Respondidos
Sua Pontuação Histórica
Você não jogou esse quiz